[Event "4NCL/Div3/WWKS2 vs. E2E42"]
[Site "Daventry ENG"]
[Date "2010.03.27"]
[Round "7.2"]
[White "Ireland, David J"]
[Black "Weaving, Richard"]
[Result "0-1"]
[WhiteElo "2010"]
[BlackElo "2098"]
[PlyCount "118"]
[EventDate "2010.03.27"]
[SourceDate "2009.10.24"]

1. e4 e5 2. Nf3 Nc6 3. Bc4 Nf6 4. d4 exd4 5. O-O Nxe4 6. Re1 d5 7. Bxd5 Qxd5 8.
Nc3 Qh5 9. Nxe4 Be6 10. Nxd4 Qxd1 11. Rxd1 O-O-O 12. Be3 Nxd4 13. Bxd4 f6 14.
c3 b6 15. Re1 Re8 16. f3 Bd5 17. Ng3 Bf7 18. Rxe8+ Bxe8 19. Re1 Bg6 20. Ne4 Kd7
21. g3 Be7 22. h4 h5 23. Kg2 Re8 24. Bf2 Bf8 25. Nd2 Rxe1 26. Bxe1 b5 27. Bf2
c5 28. f4 Kc6 29. Kf3 Bf5 30. c4 a6 31. Ke3 bxc4 32. Nxc4 Bb1 33. a3 Kb5 34.
Nd2 Bf5 35. b3 Bc2 36. Be1 Be7 37. Ke2 Kc6 38. Ke3 Kd5 39. a4 f5 40. Ke2 Bf6
41. Ke3 Bc3 42. Ke2 Bd4 43. Nf3 Bxb3 44. Nxd4 Kxd4 45. a5 Bc4+ 46. Kd2 Ke4 47.
Bf2 Kf3 48. Bxc5 Kxg3 49. Be7 Kxf4 50. Ke1 Kg3 51. Bd8 f4 52. Bc7 g5 53. hxg5
h4 54. g6 h3 55. Bxf4+ Kxf4 56. Kf2 Bd3 57. g7 Bc4 58. Kg1 Kg3 59. Kh1 Bd5+ 0-1

[Event "4NCL/Div3/WWKS2 vs. E2E42"]
[Site "Daventry ENG"]
[Date "2010.03.27"]
[Round "7.3"]
[White "James, Ann-Marie"]
[Black "Jones, Christopher M"]
[Result "1/2-1/2"]
[WhiteElo "2050"]
[BlackElo "1964"]
[PlyCount "55"]
[EventDate "2010.03.27"]
[SourceDate "2009.10.24"]

1. e4 e5 2. Nf3 Nc6 3. d4 exd4 4. Nxd4 Nf6 5. Nc3 Bb4 6. Nxc6 bxc6 7. Bd3 d5 8.
exd5 cxd5 9. O-O O-O 10. Bg5 c6 11. Na4 Rb8 12. a3 Bd6 13. h3 Be6 14. Be3 Qa5
15. c3 Nd7 16. Bc2 c5 17. Qd3 g6 18. Bh6 Rfe8 19. b4 Qd8 20. bxc5 Bf5 21. Qxd5
Nxc5 22. Qd4 Ne6 23. Qd1 Bxc2 24. Qxc2 Qf6 25. Bd2 Nf4 26. Rfe1 Ne2+ 27. Kf1
Ng3+ 28. Kg1 1/2-1/2

[Event "4NCL/Div3/WWKS2 vs. E2E42"]
[Site "Daventry ENG"]
[Date "2010.03.27"]
[Round "7.4"]
[White "Gibson, Christopher A"]
[Black "Fallowfield, Nicholas K"]
[Result "1-0"]
[WhiteElo "1973"]
[BlackElo "2018"]
[PlyCount "59"]
[EventDate "2010.03.27"]
[SourceDate "2009.10.24"]

1. d4 d5 2. c4 Nc6 3. Nc3 dxc4 4. Nf3 Nf6 5. Bg5 h6 6. Bxf6 exf6 7. e3 Bd6 8.
Bxc4 O-O 9. a3 f5 10. O-O Ne7 11. b4 c6 12. Qc2 a5 13. b5 c5 14. dxc5 Bxc5 15.
Rfd1 Qc7 16. b6 Bxb6 17. Na4 Be6 18. Qb2 Bc5 19. Bxe6 fxe6 20. Nxc5 Qxc5 21.
Rd7 Rac8 22. Rxb7 Rc7 23. Rb5 Qa7 24. Qe5 Rfc8 25. h3 Rc1+ 26. Rxc1 Rxc1+ 27.
Kh2 Qa6 28. Rxa5 Qc4 29. Nd4 Kh7 30. Ra7 1-0

[Event "4NCL/Div3/WWKS2 vs. E2E42"]
[Site "Daventry ENG"]
[Date "2010.03.27"]
[Round "7.5"]
[White "Stepanyan, Henrik"]
[Black "Jaszkiwskyj, Peter"]
[Result "1/2-1/2"]
[WhiteElo "2002"]
[BlackElo "1973"]
[PlyCount "89"]
[EventDate "2010.03.27"]
[SourceDate "2009.10.24"]

1. c4 e6 2. Nc3 d5 3. d4 Nf6 4. Nf3 Nbd7 5. e3 c6 6. Bd3 Bd6 7. e4 dxe4 8. Nxe4
Nxe4 9. Bxe4 Nf6 10. Bc2 h6 11. O-O O-O 12. Be3 Qc7 13. Qd2 Ng4 14. h3 Nxe3 15.
fxe3 f5 16. Rad1 Bd7 17. e4 fxe4 18. Bxe4 Rf4 19. Qd3 Rd8 20. c5 Be7 21. Ne5
Rxf1+ 22. Rxf1 Be8 23. Bh7+ Kh8 24. Rf7 Qxe5 25. dxe5 Bxc5+ 26. Rf2 Rxd3 27.
Bxd3 g5 28. Kf1 Bxf2 29. Kxf2 Kg7 30. Bc4 Kf7 31. Kf3 Ke7 32. Ke4 c5 33. g3
Bc6+ 34. Ke3 Bd5 35. Kd3 a6 36. a4 Kd7 37. b3 Kc6 38. a5 Bxc4+ 39. bxc4 Kd7 40.
Kc3 Ke7 41. Kd3 Kf7 42. Ke3 Kg6 43. Ke4 Kh5 44. Ke3 g4 45. h4 1/2-1/2

[Event "4NCL/Div3/WWKS2 vs. E2E42"]
[Site "Daventry ENG"]
[Date "2010.03.27"]
[Round "7.6"]
[White "Hewitt, Sean D"]
[Black "Stepanyan, Astghik"]
[Result "0-1"]
[WhiteElo "1951"]
[BlackElo "1817"]
[PlyCount "70"]
[EventDate "2010.03.27"]
[SourceDate "2009.10.24"]

1. e4 c5 2. Nc3 Nc6 3. f4 d6 4. Nf3 Nf6 5. Bc4 a6 6. a4 e6 7. d3 d5 8. exd5
exd5 9. Ba2 Be7 10. O-O O-O 11. Bd2 Be6 12. Kh1 Qd7 13. Qe1 Rfe8 14. Ne2 Bg4
15. Qf2 Bd6 16. c3 Re7 17. Rae1 b5 18. Ng3 bxa4 19. Rxe7 Qxe7 20. Re1 Qc7 21.
h3 Bd7 22. Ng1 Ne7 23. N1e2 Nf5 24. Bb1 Rb8 25. Bc1 a3 26. d4 Nxg3+ 27. Nxg3
axb2 28. Bxb2 Bxf4 29. Ne2 Bd2 30. Rf1 Rxb2 31. Qh4 h6 32. Bd3 c4 33. Bf5 Bxf5
34. Rxf5 Rb1+ 35. Ng1 Be3 0-1

[Event "4NCL/Div3/CAMB2 vs. BCA"]
[Site "Daventry ENG"]
[Date "2010.03.27"]
[Round "7.1"]
[White "Churm, Rohan M"]
[Black "Crouch, Colin S"]
[Result "1/2-1/2"]
[WhiteElo "2167"]
[BlackElo "2342"]
[PlyCount "65"]
[EventDate "2010.03.27"]
[SourceDate "2009.10.24"]

1. e4 d5 2. exd5 Qxd5 3. Nc3 Qd6 4. d4 Nf6 5. Nf3 c6 6. g3 Bg4 7. Bg2 e6 8. h3
Bh5 9. O-O Nbd7 10. Bf4 Qb4 11. Qd2 Rd8 12. a3 Qb6 13. Rfe1 Be7 14. b4 Nd5 15.
Ne2 O-O 16. g4 Bg6 17. Bg3 N7f6 18. c4 Ne4 19. Qc1 Nxg3 20. Nxg3 Nf6 21. Qc3
Rd7 22. Rad1 Rdd8 23. Ne5 Nd7 24. Nxg6 hxg6 25. Qe3 a5 26. c5 Qc7 27. g5 axb4
28. axb4 Ra8 29. Ra1 Rxa1 30. Rxa1 Rd8 31. b5 e5 32. bxc6 bxc6 33. Rc1 1/2-1/2

[Event "4NCL/Div3/CAMB2 vs. BCA"]
[Site "Daventry ENG"]
[Date "2010.03.27"]
[Round "7.2"]
[White "Ross, Chris N"]
[Black "Lee, Richard WY"]
[Result "1/2-1/2"]
[WhiteElo "2205"]
[BlackElo "2058"]
[PlyCount "89"]
[EventDate "2010.03.27"]
[SourceDate "2009.10.24"]

1. e4 c5 2. Nf3 d6 3. Bb5+ Bd7 4. Bxd7+ Qxd7 5. c4 Nf6 6. Nc3 g6 7. d4 cxd4 8.
Nxd4 Bg7 9. f3 O-O 10. Be3 Rc8 11. b3 a6 12. Rc1 Qd8 13. Qd2 Nbd7 14. O-O e6
15. Nde2 Qc7 16. Rfd1 Ne8 17. Bd4 b6 18. Bxg7 Kxg7 19. Nd4 Qb7 20. Qg5 Nef6 21.
Qg3 Qc7 22. Nde2 Ne8 23. Kh1 Rd8 24. Nf4 Rac8 25. Nd3 Qb8 26. Qg5 Nc5 27. Nf4
Qc7 28. Nh5+ Kh8 29. Nf4 Kg7 30. Nh5+ Kh8 31. Qh6 Qe7 32. Nf4 Kg8 33. Nh3 Qf6
34. Qe3 Kg7 35. Nf2 Kg8 36. h3 Qg7 37. f4 Nd7 38. Nd3 Nc5 39. Ne1 Qf6 40. Nf3
Nd7 41. Rf1 Qe7 42. Rcd1 Rc7 43. g4 Rdc8 44. a4 Nc5 45. Rb1 1/2-1/2

[Event "4NCL/Div3/CAMB2 vs. BCA"]
[Site "Daventry ENG"]
[Date "2010.03.27"]
[Round "7.3"]
[White "Spencer, Carl J"]
[Black "Lilley, Graham"]
[Result "1-0"]
[WhiteElo "2136"]
[BlackElo "2087"]
[PlyCount "75"]
[EventDate "2010.03.27"]
[SourceDate "2009.10.24"]

1. e4 c5 2. Nf3 Nc6 3. Bb5 e6 4. Bxc6 bxc6 5. Qe2 d5 6. d3 Nf6 7. c4 Be7 8. O-O
O-O 9. b3 Nd7 10. Re1 d4 11. e5 Re8 12. Nbd2 Nf8 13. Ne4 f5 14. exf6 gxf6 15.
Bh6 Ng6 16. Nfd2 f5 17. Ng3 Bd7 18. Qh5 Bf8 19. Bxf8 Rxf8 20. Nf3 Rf6 21. Qg5
Rf7 22. Qxd8+ Rxd8 23. Ne5 Nxe5 24. Rxe5 Rdf8 25. f4 Kh8 26. Ne2 Ra8 27. Rxc5
a5 28. Nxd4 a4 29. b4 Be8 30. Nxe6 Rd7 31. d4 Bf7 32. Ng5 Bg8 33. Nf3 Re8 34.
Kf2 Rb7 35. a3 Rbe7 36. Ne5 Re6 37. Rc1 Rd6 38. Nxc6 1-0

[Event "4NCL/Div3/CAMB2 vs. BCA"]
[Site "Daventry ENG"]
[Date "2010.03.27"]
[Round "7.4"]
[White "Cole, Tristram C"]
[Black "Robertson, J Stuart"]
[Result "1/2-1/2"]
[WhiteElo "1978"]
[BlackElo "1986"]
[PlyCount "60"]
[EventDate "2010.03.27"]
[SourceDate "2009.10.24"]

1. e4 c5 2. Nf3 Nc6 3. d4 cxd4 4. Nxd4 Nf6 5. Nc3 e5 6. Ndb5 d6 7. Bg5 a6 8.
Na3 b5 9. Nd5 Be7 10. Bxf6 Bxf6 11. c3 Bg5 12. Be2 O-O 13. Bg4 Kh8 14. Bxc8
Rxc8 15. Nc2 f5 16. exf5 Rxf5 17. a4 e4 18. axb5 axb5 19. Nce3 Bxe3 20. Nxe3
Rg5 21. h4 Re5 22. Ng4 Rf5 23. Qe2 Qd7 24. Ne3 Re5 25. Qg4 Re6 26. O-O Rf8 27.
Kh1 Qe8 28. Ra8 Qxa8 29. Qxe6 Ne5 30. Qxd6 Nd3 1/2-1/2

[Event "4NCL/Div3/CAMB2 vs. BCA"]
[Site "Daventry ENG"]
[Date "2010.03.27"]
[Round "7.5"]
[White "Gooding, Ian"]
[Black "Armstrong, William G"]
[Result "1/2-1/2"]
[WhiteElo "2013"]
[BlackElo "1966"]
[PlyCount "57"]
[EventDate "2010.03.27"]
[SourceDate "2009.10.24"]

1. e4 e5 2. Nf3 Nc6 3. Nc3 Bc5 4. Nxe5 Bxf2+ 5. Kxf2 Nxe5 6. Be2 Qf6+ 7. Bf3
Nxf3 8. Qxf3 Qxf3+ 9. gxf3 d6 10. Rg1 g6 11. Nd5 Kd7 12. b3 h5 13. Bb2 Rh7 14.
d4 c6 15. Nf4 Ne7 16. e5 d5 17. Rae1 Ke8 18. e6 fxe6 19. Nxe6 Bxe6 20. Rxe6 Kd7
21. Re5 Rf8 22. c4 Rf6 23. Ba3 Nf5 24. cxd5 Nxd4 25. dxc6+ Nxc6 26. Rd1+ Kc7
27. Rg5 Rhf7 28. Rd3 Re6 29. Rc3 1/2-1/2

[Event "4NCL/Div3/CAMB2 vs. BCA"]
[Site "Daventry ENG"]
[Date "2010.03.27"]
[Round "7.6"]
[White "Hilton, Steve H"]
[Black "Campbell, Mark C"]
[Result "0-1"]
[WhiteElo "1891"]
[BlackElo "1986"]
[PlyCount "96"]
[EventDate "2010.03.27"]
[SourceDate "2009.10.24"]

1. d4 Nf6 2. c4 e6 3. Nf3 b6 4. e3 Bb7 5. Bd3 d5 6. O-O c5 7. cxd5 exd5 8. b3
Nc6 9. Bb2 Bd6 10. Ne5 O-O 11. a3 Qe7 12. f4 Rac8 13. Nc3 cxd4 14. exd4 Nxd4
15. Re1 Ne6 16. Bf5 a6 17. Na4 b5 18. Nc3 Rc7 19. Nd3 Re8 20. Ne2 Qd8 21. Kh1
Nc5 22. Nxc5 Bxc5 23. Be5 Bd6 24. Bd4 Ne4 25. Bxe4 dxe4 26. Bb6 Qf6 27. Bxc7
Bxc7 28. Qd7 Re7 29. Qg4 e3 30. Rac1 h6 31. Rc3 Bb6 32. Qg3 Qd6 33. f5 Re5 34.
Rf1 f6 35. Qe1 Qxa3 36. Qd1 Qb4 37. Rf4 Qe7 38. Rd3 Bc6 39. Rd6 Qb7 40. Qf1 Bc7
41. Rd3 Bb6 42. b4 Be4 43. Rc3 Qe7 44. Rb3 Bd5 45. Ra3 Qb7 46. Rg4 Bc4 47. Qe1
Rxf5 48. Ng3 Rf2 0-1

[Event "4NCL/Div3/ICENI vs. WES2"]
[Site "Daventry ENG"]
[Date "2010.03.27"]
[Round "7.1"]
[White "Crombleholme, Alan K"]
[Black "Jenks, Bruce"]
[Result "0-1"]
[WhiteElo "2106"]
[BlackElo "2127"]
[PlyCount "56"]
[EventDate "2010.03.27"]
[SourceDate "2009.10.24"]

1. Nf3 g6 2. d4 Nf6 3. Nc3 d5 4. Bf4 Bg7 5. e3 O-O 6. h3 a6 7. Bd3 b5 8. a4 b4
9. Na2 a5 10. c3 bxc3 11. Nxc3 Na6 12. O-O Nb4 13. Bb1 Ba6 14. Re1 e6 15. Qd2
Qe7 16. Rc1 Rfc8 17. Nb5 c6 18. Nd6 Rd8 19. e4 Nh5 20. e5 Nxf4 21. Qxf4 f6 22.
Qh4 Ra7 23. Rc5 Be2 24. Ra3 fxe5 25. Qxe7 Rxe7 26. dxe5 Bxf3 27. Rxf3 Bxe5 28.
Nc4 dxc4 0-1

[Event "4NCL/Div3/ICENI vs. WES2"]
[Site "Daventry ENG"]
[Date "2010.03.27"]
[Round "7.2"]
[White "Tunks, Dominic"]
[Black "Reynolds, D Ian W"]
[Result "1-0"]
[WhiteElo "2076"]
[BlackElo "2085"]
[PlyCount "39"]
[EventDate "2010.03.27"]
[SourceDate "2009.10.24"]

1. d4 Nf6 2. Nf3 g6 3. Bg5 Bg7 4. Nbd2 d6 5. e4 O-O 6. c3 c6 7. Bd3 Qc7 8. O-O
e5 9. dxe5 dxe5 10. Nc4 Nbd7 11. Bc2 b5 12. Qd6 Qxd6 13. Nxd6 h6 14. Be3 Ng4
15. Bd2 Nc5 16. h3 Nf6 17. Nxe5 Ne8 18. Nxc8 Rxc8 19. Be3 Nxe4 20. Nd7 1-0

[Event "4NCL/Div3/ICENI vs. WES2"]
[Site "Daventry ENG"]
[Date "2010.03.27"]
[Round "7.3"]
[White "Calvert, D Ian"]
[Black "Gregory, Keith DF"]
[Result "1-0"]
[WhiteElo "2020"]
[BlackElo "2060"]
[PlyCount "137"]
[EventDate "2010.03.27"]
[SourceDate "2009.10.24"]

1. b3 d6 2. Bb2 e5 3. e3 Nc6 4. Nf3 f5 5. d4 e4 6. d5 Nb8 7. Nd4 Qe7 8. Bb5+
Kd8 9. Nc3 Nf6 10. Qd2 g6 11. O-O-O Bg7 12. Bc4 Rf8 13. Kb1 Ne8 14. Nce2 Bf6
15. Nf4 Ng7 16. Nde6+ Bxe6 17. dxe6 c6 18. Qxd6+ Qxd6 19. Rxd6+ Kc7 20. Rhd1
Bxb2 21. Kxb2 g5 22. e7 Re8 23. Ne6+ Nxe6 24. Bxe6 Rxe7 25. Bxf5 Rf7 26. g4 h5
27. h3 hxg4 28. hxg4 Na6 29. Rd7+ Rxd7 30. Rxd7+ Kb6 31. Rg7 Rh8 32. Rxg5 Rh2
33. Bxe4 Rxf2 34. Bg6 Re2 35. Re5 Nc7 36. e4 Nd5 37. Rg5 Nf4 38. Bh7 Ne6 39.
Rh5 Nd4 40. e5 Nf3 41. Rh1 Nxe5 42. Rg1 Rh2 43. Bf5 Rf2 44. Kc3 Kc5 45. Bd3 a5
46. a3 b5 47. b4+ axb4+ 48. axb4+ Kd6 49. g5 Nxd3 50. cxd3 Ke7 51. g6 Kf8 52.
g7+ Kg8 53. Rg6 Rf1 54. Kd4 Rc1 55. Rg2 Rb1 56. Kc5 Rc1+ 57. Kb6 Rc3 58. Rg5
Rb3 59. Kxc6 Rxb4 60. Rxb5 Rd4 61. Rd5 Ra4 62. Rd7 Ra6+ 63. Kd5 Ra5+ 64. Ke4
Rg5 65. d4 Rxg7 66. Rxg7+ Kxg7 67. Ke5 Kf7 68. Kd6 Ke8 69. Kc7 1-0

[Event "4NCL/Div3/ICENI vs. WES2"]
[Site "Daventry ENG"]
[Date "2010.03.27"]
[Round "7.4"]
[White "Taylor-Bowd, Philip J"]
[Black "Feavyour, John A"]
[Result "1-0"]
[WhiteElo "2043"]
[BlackElo "2076"]
[PlyCount "27"]
[EventDate "2010.03.27"]
[SourceDate "2009.10.24"]

1. e4 c5 2. Nc3 Nc6 3. Bb5 g6 4. Bxc6 dxc6 5. d3 Bg7 6. f4 Nf6 7. Nf3 O-O 8.
O-O Qc7 9. Qe1 Nh5 10. f5 gxf5 11. Qh4 Nf6 12. Bh6 Bxh6 13. Qxh6 Kh8 14. Qxf8+
1-0

[Event "4NCL/Div3/ICENI vs. WES2"]
[Site "Daventry ENG"]
[Date "2010.03.27"]
[Round "7.5"]
[White "Botham, C Paul"]
[Black "Pleasants, Allan J"]
[Result "0-1"]
[WhiteElo "2040"]
[BlackElo "2038"]
[PlyCount "78"]
[EventDate "2010.03.27"]
[SourceDate "2009.10.24"]

1. d4 Nf6 2. Nf3 c5 3. c4 cxd4 4. Nxd4 Nc6 5. Nc3 g6 6. Nxc6 bxc6 7. e3 Bg7 8.
Be2 O-O 9. O-O Rb8 10. Qc2 d6 11. e4 Qc7 12. Rd1 Be6 13. Bf4 Nd7 14. Bd3 Nc5
15. b3 Bd7 16. Rac1 f5 17. exf5 gxf5 18. Be3 Nxd3 19. Qxd3 Be8 20. f4 Bh5 21.
Rd2 Rbd8 22. Qc2 e5 23. Ne2 Qe7 24. Ng3 Bg6 25. Re2 Qh4 26. Rf1 Bh6 27. Qc1
Rde8 28. Rf3 e4 29. Rf1 Qe7 30. Rd1 Rd8 31. Qa3 Rd7 32. Qa6 Rc7 33. Qa5 Bg7 34.
Qd2 Rd8 35. Bd4 Rcd7 36. Qc3 d5 37. c5 Rb7 38. b4 Rdb8 39. a3 a5 0-1

[Event "4NCL/Div3/ICENI vs. WES2"]
[Site "Daventry ENG"]
[Date "2010.03.27"]
[Round "7.6"]
[White "Krawczuk, Michael J"]
[Black "Donaghay, Richard H"]
[Result "1-0"]
[WhiteElo "1970"]
[BlackElo "1975"]
[PlyCount "81"]
[EventDate "2010.03.27"]
[SourceDate "2009.10.24"]

1. e4 d5 2. exd5 Nf6 3. d4 Bg4 4. Nf3 Qxd5 5. Be2 Nc6 6. c4 Qh5 7. Nc3 O-O-O 8.
Be3 e6 9. Qa4 Bb4 10. O-O-O Bxc3 11. bxc3 Qa5 12. Qb3 Ne4 13. Kb2 Qb6 14. h3
Bxf3 15. Bxf3 Nd6 16. Kc2 Nf5 17. c5 Qa6 18. Rb1 Na5 19. Qa4 c6 20. Bf4 Nh4 21.
Bd1 Nxg2 22. Bg3 g5 23. Bf3 Nf4 24. Bxf4 gxf4 25. Rhe1 Nc4 26. Qxa6 bxa6 27.
Rb4 Na3+ 28. Kb3 Nb5 29. Bxc6 Nc7 30. Kc4 Nd5 31. Rb7 Rhe8 32. Reb1 Re7 33.
Rb8+ Kc7 34. Rxd8 Kxd8 35. Bxd5 exd5+ 36. Kxd5 f3 37. c6 Kc8 38. Rb7 Re2 39.
Rxf7 Rxf2 40. Kd6 Rxa2 41. Rf8# 1-0

[Event "4NCL/Div3/SBS vs. GLOSG"]
[Site "Daventry ENG"]
[Date "2010.03.27"]
[Round "7.1"]
[White "Linford, Charles M"]
[Black "Hosken, Nigel K"]
[Result "0-1"]
[WhiteElo "2131"]
[BlackElo "2109"]
[PlyCount "100"]
[EventDate "2010.03.27"]
[SourceDate "2009.10.24"]

1. e4 c5 2. Nf3 e6 3. d4 cxd4 4. Nxd4 Nc6 5. Nc3 Qc7 6. Ndb5 Qb8 7. Be3 a6 8.
Bb6 axb5 9. Nxb5 Bb4+ 10. c3 Ba5 11. Nc7+ Qxc7 12. Bxc7 Bxc7 13. Bd3 Nf6 14.
Qe2 O-O 15. O-O d5 16. f4 dxe4 17. Bxe4 Nxe4 18. Qxe4 Rd8 19. a4 Ra5 20. b4
Rad5 21. a5 Ne7 22. Qc4 Bb8 23. Qb3 e5 24. fxe5 Bxe5 25. Rad1 Bg4 26. Rxd5 Nxd5
27. h3 Be2 28. Rc1 g5 29. c4 Bd4+ 30. Kh1 Ne3 31. c5 g4 32. hxg4 Bxg4 33. Re1
Be6 34. Qd3 Ng4 35. Qf3 Rd5 36. Qxd5 Bxd5 37. Re8+ Kg7 38. Ra8 Ne3 39. a6 bxa6
40. Rxa6 Nxg2 41. c6 Ne3+ 42. Kh2 Nc2 43. b5 Nb4 44. Ra8 Nxc6 45. bxc6 Bxc6 46.
Ra5 f6 47. Kg3 Kg6 48. Ra6 Be5+ 49. Kh4 Bd7 50. Rb6 Bd4 0-1

[Event "4NCL/Div3/SBS vs. GLOSG"]
[Site "Daventry ENG"]
[Date "2010.03.27"]
[Round "7.2"]
[White "Lambourne, Daniel M"]
[Black "Purton, Ben J"]
[Result "1/2-1/2"]
[WhiteElo "2001"]
[BlackElo "2150"]
[PlyCount "82"]
[EventDate "2010.03.27"]
[SourceDate "2009.10.24"]

1. d4 d5 2. Bf4 Nf6 3. Nf3 Nbd7 4. e3 e6 5. c4 dxc4 6. Bxc4 a6 7. Nbd2 b5 8.
Bd3 Bb7 9. O-O Be7 10. Qc2 c5 11. b3 Rc8 12. Qb2 Nh5 13. Bg3 Nxg3 14. fxg3 cxd4
15. exd4 O-O 16. Rad1 Nf6 17. Rfe1 Bb4 18. Rc1 Qd6 19. Rxc8 Rxc8 20. Rc1 Rd8
21. Rd1 g6 22. Be2 Ng4 23. Nf1 Rc8 24. Qb1 Rc3 25. Qb2 Qc7 26. Bd3 e5 27. Nxe5
Nxe5 28. dxe5 Qxe5 29. Bb1 Bc5+ 30. Kh1 b4 31. Qd2 Bb6 32. g4 Qc5 33. Ng3 Qc7
34. Ne4 Re3 35. Nf6+ Kh8 36. Nd5 Bxd5 37. Qxd5 Qe7 38. Rf1 Re1 39. Qf3 Bd4 40.
Bd3 a5 41. Bc4 Kg7 1/2-1/2

[Event "4NCL/Div3/SBS vs. GLOSG"]
[Site "Daventry ENG"]
[Date "2010.03.27"]
[Round "7.3"]
[White "Foster, James J"]
[Black "Waterfield, John W"]
[Result "1/2-1/2"]
[WhiteElo "2089"]
[BlackElo "1988"]
[PlyCount "25"]
[EventDate "2010.03.27"]
[SourceDate "2009.10.24"]

1. c4 Nf6 2. Nc3 g6 3. e4 d6 4. g3 Bg7 5. Bg2 O-O 6. Nge2 c5 7. O-O Nc6 8. d3
Ne8 9. h3 Nc7 10. f4 Nd4 11. Nxd4 Bxd4+ 12. Kh2 f5 13. Ne2 1/2-1/2

[Event "4NCL/Div3/SBS vs. GLOSG"]
[Site "Daventry ENG"]
[Date "2010.03.27"]
[Round "7.4"]
[White "Taylor, Geoffrey P"]
[Black "Makepeace, Philip J"]
[Result "0-1"]
[WhiteElo "1962"]
[BlackElo "2042"]
[PlyCount "64"]
[EventDate "2010.03.27"]
[SourceDate "2009.10.24"]

1. e4 c6 2. d4 d5 3. Nd2 dxe4 4. Nxe4 h6 5. Ng3 Nf6 6. Nf3 Bg4 7. Be2 Bxf3 8.
Bxf3 e6 9. c3 Qc7 10. Qe2 Nbd7 11. O-O h5 12. Re1 h4 13. Nf1 O-O-O 14. b4 Nb6
15. a3 Nfd5 16. c4 Nf4 17. Qe4 g5 18. b5 c5 19. Bxf4 gxf4 20. dxc5 Bxc5 21.
Red1 Rde8 22. a4 f5 23. Qc2 h3 24. a5 hxg2 25. Bxg2 f3 26. axb6 Qg7 27. Ng3
Rxh2 28. Rxa7 Rxg2+ 29. Kf1 Rg1+ 30. Kxg1 Qxg3+ 31. Kf1 Qg2+ 32. Ke1 Bb4+ 0-1

[Event "4NCL/Div3/SBS vs. GLOSG"]
[Site "Daventry ENG"]
[Date "2010.03.27"]
[Round "7.5"]
[White "Harley-Yeo, Gareth"]
[Black "Baker, Patrick"]
[Result "1-0"]
[WhiteElo "2053"]
[BlackElo "1794"]
[PlyCount "57"]
[EventDate "2010.03.27"]
[SourceDate "2009.10.24"]

1. d4 d5 2. c4 e6 3. Nc3 Nf6 4. cxd5 exd5 5. Bg5 Nbd7 6. e3 Be7 7. Bd3 c6 8.
Qc2 h6 9. Bh4 O-O 10. Nge2 Re8 11. f3 b6 12. e4 dxe4 13. fxe4 Nf8 14. O-O Ng4
15. Bxe7 Qxe7 16. Rf3 Qg5 17. Nd1 Bd7 18. h3 Nf6 19. Ndc3 Rac8 20. Raf1 Qa5 21.
e5 Nd5 22. Ne4 Nb4 23. Qb1 Nxd3 24. Qxd3 Re7 25. Nd6 Rc7 26. Nxf7 Ne6 27. Qg6
Be8 28. Nxh6+ Kh8 29. Rf8+ 1-0

[Event "4NCL/Div3/CELT2 vs. FCA2"]
[Site "Daventry ENG"]
[Date "2010.03.27"]
[Round "7.1"]
[White "Fathallah, Joe"]
[Black "Fraser-Mitchell, Jeremy N"]
[Result "1-0"]
[WhiteElo "1951"]
[BlackElo "2002"]
[PlyCount "111"]
[EventDate "2010.03.27"]
[SourceDate "2009.10.24"]

1. d4 f5 2. c4 Nf6 3. Nc3 d6 4. Bg5 e6 5. Nf3 Be7 6. e3 O-O 7. Qc2 a5 8. h3 Na6
9. a3 c6 10. Bd3 Bd7 11. g4 Rc8 12. gxf5 exf5 13. Bxf5 b5 14. Rg1 bxc4 15. Bh6
Rf7 16. Ng5 Bxf5 17. Qxf5 Bf8 18. Nxf7 Kxf7 19. Bg5 Rb8 20. Bxf6 Qxf6 21. Qxf6+
gxf6 22. O-O-O d5 23. Kc2 Nc7 24. e4 Bd6 25. exd5 Nxd5 26. Nxd5 cxd5 27. Rge1
Bf4 28. Re2 Rb3 29. h4 h5 30. Rde1 Rf3 31. Re7+ Kg6 32. Rg1+ Kf5 33. Rh7 Rxf2+
34. Kb1 Rd2 35. Rxh5+ Ke4 36. Rg6 Rd1+ 37. Ka2 Rxd4 38. Rxf6 Kd3 39. Rhf5 Be3
40. h5 a4 41. h6 Rh4 42. Rxd5+ Ke4 43. Ra5 Bxh6 44. Rxa4 Kd5 45. Rf2 Be3 46.
Rc2 Rf4 47. b3 cxb3+ 48. Kxb3 Rf1 49. Ra8 Rb1+ 50. Ka2 Rb7 51. a4 Bd4 52. Rd8+
Ke4 53. Rc4 Rb2+ 54. Ka3 Rd2 55. a5 Ke5 56. Rcxd4 1-0

[Event "4NCL/Div3/CELT2 vs. FCA2"]
[Site "Daventry ENG"]
[Date "2010.03.27"]
[Round "7.2"]
[White "Majer, Chris E"]
[Black "Wagner, Guy"]
[Result "1-0"]
[WhiteElo "2054"]
[BlackElo "1930"]
[PlyCount "72"]
[EventDate "2010.03.27"]
[SourceDate "2009.10.24"]

1. e4 d5 2. exd5 Qxd5 3. Nc3 Qd6 4. d4 Nf6 5. Bd3 a6 6. Nge2 b5 7. Ne4 Nxe4 8.
Bxe4 Ra7 9. O-O e6 10. a4 b4 11. Bf4 Qd8 12. Qd3 Bd6 13. Be3 Nd7 14. c3 Qe7 15.
cxb4 Bxb4 16. Rfc1 O-O 17. Bxh7+ Kh8 18. Be4 f5 19. Bc6 a5 20. Nf4 Qf6 21. d5
Ne5 22. Qe2 Nxc6 23. Rxc6 Rb7 24. Nxe6 Bxe6 25. Rxe6 Qh4 26. Rd1 f4 27. Bd4 f3
28. Qe5 c5 29. dxc6 Qg4 30. Rh6+ Kg8 31. Qe6+ Qxe6 32. Rxe6 Rbf7 33. Be3 Rb8
34. gxf3 Bf8 35. Rc1 Rc8 36. Kg2 Rfc7 1-0

[Event "4NCL/Div3/CELT2 vs. FCA2"]
[Site "Daventry ENG"]
[Date "2010.03.27"]
[Round "7.3"]
[White "Ryan, John"]
[Black "Williamson, Kevin J"]
[Result "0-1"]
[WhiteElo "1920"]
[BlackElo "2045"]
[PlyCount "51"]
[EventDate "2010.03.27"]
[SourceDate "2009.10.24"]

1. e4 e5 2. Nf3 d6 3. Nc3 Nf6 4. d3 Be7 5. Be2 O-O 6. O-O c6 7. Bg5 Be6 8. Bxf6
Bxf6 9. d4 exd4 10. Nxd4 d5 11. exd5 cxd5 12. Nxe6 fxe6 13. Qd2 Bxc3 14. Qxc3
Nc6 15. Rad1 Rf6 16. Rd3 Qb6 17. Rf3 Nd4 18. Re3 Raf8 19. a4 a5 20. b3 Nf5 21.
Rh3 Nd6 22. Qe3 d4 23. Qd3 h6 24. f3 Rc8 25. g4 Rc3 26. Qd2 0-1

[Event "4NCL/Div3/CELT2 vs. FCA2"]
[Site "Daventry ENG"]
[Date "2010.03.27"]
[Round "7.4"]
[White "Valentine, Brian J"]
[Black "Buttell, David"]
[Result "1-0"]
[WhiteElo "1962"]
[BlackElo "1761"]
[PlyCount "79"]
[EventDate "2010.03.27"]
[SourceDate "2009.10.24"]

1. e4 c5 2. Nf3 d6 3. d4 cxd4 4. Nxd4 Nf6 5. Nc3 g6 6. Be3 Bg7 7. f3 Nc6 8. Bc4
O-O 9. Qd2 Bd7 10. h4 h5 11. O-O-O Ne5 12. Bb3 a6 13. Bh6 Bh8 14. Bxf8 Qxf8 15.
Kb1 b5 16. g4 Kh7 17. gxh5 Nxh5 18. Nd5 Bg7 19. f4 Ng4 20. Qe2 Ng3 21. Qf3 Nxh1
22. Nb6 Qd8 23. Nxa8 Qxa8 24. h5 Ngf2 25. hxg6+ fxg6 26. Rxh1+ Nxh1 27. Qxh1+
Bh6 28. c3 e5 29. fxe5 dxe5 30. Bd5 Qe8 31. Nb3 Bc6 32. Nc5 a5 33. Qf3 Bxd5 34.
exd5 Qf8 35. Qxf8 Bxf8 36. Ne4 Kg7 37. b3 Kf7 38. c4 b4 39. Kc2 Ke8 40. Kd3 1-0

[Event "4NCL/Div3/CELT2 vs. FCA2"]
[Site "Daventry ENG"]
[Date "2010.03.27"]
[Round "7.5"]
[White "Kitchen, Michael J"]
[Black "Matthews, Adrian MS"]
[Result "0-1"]
[WhiteElo "1602"]
[BlackElo "1936"]
[PlyCount "78"]
[EventDate "2010.03.27"]
[SourceDate "2009.10.24"]

1. Nf3 c5 2. d3 d5 3. Nbd2 Nc6 4. g3 Nf6 5. Bg2 e5 6. O-O Be7 7. h3 O-O 8. c3
Qc7 9. e4 dxe4 10. dxe4 Rd8 11. Qe2 b6 12. Rd1 a5 13. Ne1 Ba6 14. Qf3 Rd6 15.
Nf1 Rad8 16. Rxd6 Rxd6 17. Be3 Qd8 18. Nh2 Bc8 19. Bf1 Be6 20. Ng4 Nxg4 21.
hxg4 Bg5 22. Be2 Bxe3 23. Qxe3 h6 24. b3 Qc7 25. Rd1 Rxd1 26. Bxd1 Qd7 27. Qf3
c4 28. Qe2 b5 29. Kg2 Qd6 30. Kh3 h5 31. Qc2 cxb3 32. axb3 hxg4+ 33. Bxg4 Bxg4+
34. Kxg4 b4 35. Nf3 Qh6 36. Nh4 Qe6+ 37. Kf3 g6 38. Ng2 bxc3 39. Ne3 Nd4+ 0-1